Państwa najbliżej Gdańska - Statystyki

Ogólne statystyki
  • Ten quiz został rozwiązany 70 razy
  • Średni wynik to 10 z 10
Statystyki odpowiedzi
Odległość (km) Państwo % Poprawnych
448 Estonia
100%
245 Łotwa
100%
293 Niemcy
100%
250 Szwecja
100%
320 Białoruś
98%
439 Czechy
98%
240 Dania
98%
180 Litwa
98%
65 Rosja
98%
450 Ukraina
95%
Nie znaleziono quizów pasujących do podanych kryteriów
Rozkład punktacji
Procent ludzi z każdym wynikiem
Percentyl według liczby udzielonych odpowiedzi
Twoja historia wyników
Nie rozwiązałeś tego quizu